| 000 | 02603cam a22003495a 4500 | ||
|---|---|---|---|
| 001 | 18293813 | ||
| 003 | EG-ScBUE | ||
| 005 | 20220410095955.0 | ||
| 008 | 140908s2015 enka f b 001 0 eng d | ||
| 020 | _a9780415839501 (pbk.) | ||
| 040 |
_aDLC _beng _erda _cDLC _dDLC _dEG-ScBUE |
||
| 082 | 0 | 4 |
_a401.41 _bWOR _222 |
| 100 | 1 |
_aWortham, Stanton Emerson Fisher, _d1963- _eauthor. _941874 |
|
| 245 | 1 | 0 |
_aDiscourse analysis beyond the speech event / _cStanton Wortham and Angela Reyes. |
| 264 | 1 |
_aLondon ; _aNew York : _bRoutledge, _c2015. |
|
| 300 |
_axi, 193 pages : _billustrations ; _c24 cm |
||
| 336 |
_2rdacontent _atext _btxt |
||
| 337 |
_2rdamedia _aunmediated _bn |
||
| 338 |
_2rdacarrier _avolume _bnc |
||
| 504 | _aIncludes bibliographical references and index. | ||
| 505 | 0 |
_t1. Discourse analysis across events --
_t2. Central tools and techniques -- _t3. Discourse analysis of ethnographic data -- _t4. Discourse analysis of archival data -- _t5. Discourse analysis of new media data. |
|
| 520 | _a"Discourse Analysis beyond the Speech Event introduces a new approach to discourse analysis. In this innovative work, Wortham and Reyes argue that discourse analysts should look beyond fixed speech events and consider the development of discourses over time. Drawing on theories and methods from linguistic anthropology and related fields, this book is the first to present a systematic methodological approach to conducting discourse analysis of linked events, allowing researchers to understand not only individual events but also the patterns that emerge across them. Discourse Analysis beyond the Speech Event - Provides a method for detailed examination of speech, writing and other communication - Introduces students and researchers to the discourse analytic tools and techniques required to analyse the relationships between discourse events - Offers explicit guidelines that direct the reader through different stages of discourse analytic research, including worked examples from conversation, magazines and social media - Incorporates sample analyses from ethnographic, archival and new media data. This book is essential reading for advanced students and researchers working in the area of discourse analysis"-- | ||
| 650 | 7 |
_aDiscourse analysis. _2BUEsh |
|
| 650 | 7 |
_aPerspective (Linguistics) _2BUEsh _939704 |
|
| 650 | 7 |
_aSpeech acts (Linguistics) _2BUEsh |
|
| 650 | 7 |
_aCommunication _xMethodology. _2BUEsh |
|
| 651 | _2BUEsh | ||
| 653 |
_bHHUUEENN _cNovember2018 |
||
| 655 |
_vReading book _934232 |
||
| 700 | 1 |
_aReyes, Angela, _d1970- _eauthor. _941875 |
|
| 942 |
_2ddc _cBB |
||
| 999 |
_c26934 _d26906 |
||